Circular Migration and its Reflection in European Migration Policies

Nepriaznivý demografický vývoj prejavujúci sa v starnutí obyvateľstva v ekonomicky vyspelých krajinách je faktorom, ktorý núti ich vlády k revízii migračnej politiky. V tejto súvislosti rastie záujem o výskum okružnej migrácie a jej reálnu implementáciu do migračnej politiky v krajinách Európskej ún...

Full description

Saved in:
Bibliographic Details
Main Author: Přívarová, Magdaléna, 1955-
Format: Book Chapter
Language:English
Subjects:
Tags: Add Tag
No Tags, Be the first to tag this record!

MARC

LEADER 00000naa a2200000 4500
001 0308552
005 20250513111609.0
041 0 |a eng 
044 |a TH 
245 1 0 |a Circular Migration and its Reflection in European Migration Policies  |c Magdaléna Přívarová 
520 |a Nepriaznivý demografický vývoj prejavujúci sa v starnutí obyvateľstva v ekonomicky vyspelých krajinách je faktorom, ktorý núti ich vlády k revízii migračnej politiky. V tejto súvislosti rastie záujem o výskum okružnej migrácie a jej reálnu implementáciu do migračnej politiky v krajinách Európskej únie. Náčrt genézy konceptu okružnej migrácie a demonštrácia jej rastúceho vplyvu na európske migračné politiky. Hlavné princípy moderných migračných politík, ktoré umožnia plné využitie potenciálu okružnej migrácie. 
610 2 0 |a politika migračná 
610 2 0 |a migrácia 
610 2 0 |a starnutie populácie 
610 2 0 |a demografia 
610 2 0 |a Európska únia 
100 1 |a Přívarová, Magdaléna, 1955-